Statistics for Largest Cities on Mediterranean Islands

Click here to take the quiz!

General Stats

  • This quiz has been taken 107 times
  • The average score is 8 of 12

Answer Stats

PopulationCity% Correct
730,000Palermo
99%
322,000Nicosia
90%
621,000Palma
82%
185,000Heraklion
78%
154,000Cagliari
77%
730,000Catania
75%
355,000Valletta
65%
237,000Messina
55%
122,000Syracuse
54%
180,000Limassol
47%
85,000Larnaca
41%
128,000Sassari
32%

Score Distribution

Percentile by Number Answered

Percent of People with Each Score

Your Score History

You have not taken this quiz